<?xml version="1.0" encoding="UTF-8"?>
<record
    xmlns:xsi="http://www.w3.org/2001/XMLSchema-instance"
    xsi:schemaLocation="http://www.loc.gov/MARC21/slim http://www.loc.gov/standards/marcxml/schema/MARC21slim.xsd"
    xmlns="http://www.loc.gov/MARC21/slim">

  <leader>01070nam a2200277 i 4500</leader>
  <controlfield tag="001">000000314712</controlfield>
  <controlfield tag="003">IT-MiSPE</controlfield>
  <controlfield tag="005">20210416172123.0</controlfield>
  <controlfield tag="008">031004s1999    xx            000 b ita c</controlfield>
  <datafield tag="020" ind1=" " ind2=" ">
    <subfield code="a">8810503163</subfield>
    <subfield code="c">44.000 LIRE</subfield>
  </datafield>
  <datafield tag="040" ind1=" " ind2=" ">
    <subfield code="a">IT-MiSPE</subfield>
    <subfield code="b">ita</subfield>
    <subfield code="c">IT-MiSPE</subfield>
  </datafield>
  <datafield tag="082" ind1=" " ind2=" ">
    <subfield code="a">270.04-SCH kl st (axa 23311)</subfield>
  </datafield>
  <datafield tag="100" ind1="1" ind2=" ">
    <subfield code="a">Schatz, Klaus,</subfield>
    <subfield code="c">s.j.,</subfield>
    <subfield code="d">1938-</subfield>
    <subfield code="9">58880</subfield>
  </datafield>
  <datafield tag="240" ind1="1" ind2="0">
    <subfield code="a">Allgemeine Konzilien. Italiano. 1999</subfield>
  </datafield>
  <datafield tag="245" ind1="1" ind2="0">
    <subfield code="a">Storia dei Concili :</subfield>
    <subfield code="b">la Chiesa nei suoi punti focali /</subfield>
    <subfield code="c">Klaus Schatz ; traduzione di Romeo Fabbri.</subfield>
  </datafield>
  <datafield tag="260" ind1=" " ind2=" ">
    <subfield code="a">Bologna :</subfield>
    <subfield code="b">Edizioni Dehoniane,</subfield>
    <subfield code="c">1999.</subfield>
  </datafield>
  <datafield tag="300" ind1=" " ind2=" ">
    <subfield code="a">351 p. ;</subfield>
    <subfield code="c">24 cm</subfield>
  </datafield>
  <datafield tag="490" ind1="1" ind2=" ">
    <subfield code="a">Corso di teologia sistematica.</subfield>
    <subfield code="a">Complementi ;</subfield>
    <subfield code="v">006</subfield>
  </datafield>
  <datafield tag="500" ind1=" " ind2=" ">
    <subfield code="a">Tit. orig.: Allgemeine Konzilien. Italiano. 1999</subfield>
  </datafield>
  <datafield tag="504" ind1=" " ind2=" ">
    <subfield code="a">Fonti e bibliografia: pp. [317]-329</subfield>
  </datafield>
  <datafield tag="655" ind1="0" ind2="7">
    <subfield code="a">Concili ecumenici, altri concili e sinodi fino al sec. X</subfield>
    <subfield code="x">Saggi, varia.</subfield>
    <subfield code="2">local</subfield>
    <subfield code="9">58881</subfield>
  </datafield>
  <datafield tag="700" ind1="1" ind2=" ">
    <subfield code="a">Fabbri, Romeo,</subfield>
    <subfield code="e">tr.</subfield>
    <subfield code="9">58882</subfield>
  </datafield>
  <datafield tag="830" ind1=" " ind2="0">
    <subfield code="a">Corso di teologia sistematica.</subfield>
    <subfield code="p">Complementi ;</subfield>
    <subfield code="v">006.</subfield>
    <subfield code="9">58883</subfield>
  </datafield>
  <datafield tag="942" ind1=" " ind2=" ">
    <subfield code="2">ddc</subfield>
    <subfield code="c">BK</subfield>
  </datafield>
  <datafield tag="999" ind1=" " ind2=" ">
    <subfield code="c">359237</subfield>
    <subfield code="d">359237</subfield>
  </datafield>
  <datafield tag="952" ind1=" " ind2=" ">
    <subfield code="0">0</subfield>
    <subfield code="1">0</subfield>
    <subfield code="2">ddc</subfield>
    <subfield code="4">0</subfield>
    <subfield code="6">270_000000000000000_04SCH_KL_ST_AXA_23311</subfield>
    <subfield code="7">1</subfield>
    <subfield code="a">CINISELLO</subfield>
    <subfield code="b">CINISELLO</subfield>
    <subfield code="d">2021-04-16</subfield>
    <subfield code="l">0</subfield>
    <subfield code="o">270.04-SCH kl st (axa 23311)</subfield>
    <subfield code="p">9788810503163</subfield>
    <subfield code="r">2021-04-16 00:00:00</subfield>
    <subfield code="w">2021-04-16</subfield>
    <subfield code="y">BK</subfield>
  </datafield>
</record>
